<?xml version="1.0" encoding="UTF-8"?>
<record
    xmlns:xsi="http://www.w3.org/2001/XMLSchema-instance"
    xsi:schemaLocation="http://www.loc.gov/MARC21/slim http://www.loc.gov/standards/marcxml/schema/MARC21slim.xsd"
    xmlns="http://www.loc.gov/MARC21/slim">

  <leader>00834nam a22001337a 4500</leader>
  <datafield tag="040" ind1=" " ind2=" ">
    <subfield code="c">RUA</subfield>
  </datafield>
  <datafield tag="082" ind1=" " ind2=" ">
    <subfield code="a">ANS CHH 2018 B648 Or.1</subfield>
  </datafield>
  <datafield tag="100" ind1=" " ind2=" ">
    <subfield code="a">CHHOEURN SOYTRY &#x1788;&#x17BF;&#x1793; &#x179F;&#x17BC;&#x1799;&#x1791;&#x17D2;&#x179A;&#x17B8;</subfield>
  </datafield>
  <datafield tag="245" ind1=" " ind2=" ">
    <subfield code="a">comparation between CP concentrate and home made on fattenning pig at Mrs soeurng sokkhy farm kandalsteong district kandal province &#x1780;&#x17B6;&#x179A;&#x1794;&#x17D2;&#x179A;&#x17C0;&#x1794;&#x1792;&#x17C0;&#x1794;&#x1785;&#x17C6;&#x178E;&#x17B8;&#x179F;&#x1798;&#x17D2;&#x179A;&#x17C1;&#x1785;&#x179A;&#x1794;&#x179F;&#x17CB;&#x1780;&#x17D2;&#x179A;&#x17BB;&#x1798;&#x200B;&#x17A0;&#x17CA;&#x17BB;&#x1793;CP&#x1793;&#x17B7;&#x1784;&#x200B;&#x1785;&#x17C6;&#x178E;&#x17B8;&#x1795;&#x17D2;&#x179F;&#x17C6;&#x179B;&#x17BE;&#x1780;&#x17B6;&#x179A;&#x179B;&#x17BC;&#x178F;&#x179B;&#x17B6;&#x179F;&#x17CB;&#x179A;&#x1794;&#x179F;&#x17CB;&#x1787;&#x17D2;&#x179A;&#x17BC;&#x1780;&#x179F;&#x17B6;&#x1785;&#x17CB;&#x1793;&#x17C5;&#x1780;&#x179F;&#x17B7;&#x178A;&#x17D2;&#x178B;&#x17B6;&#x1793;&#x17A2;&#x17D2;&#x1793;&#x1780;&#x179F;&#x17D2;&#x179A;&#x17B8; &#x179F;&#x17BF;&#x1793; &#x179F;&#x17BB;&#x1781;&#x1783;&#x17B8; &#x179F;&#x17D2;&#x179A;&#x17BB;&#x1780;&#x1780;&#x178E;&#x17D2;&#x178F;&#x17B6;&#x179B;&#x179F;&#x17D2;&#x1791;&#x17B9;&#x1784; &#x1781;&#x17C1;&#x178F;&#x17D2;&#x178F;&#x1780;&#x178E;&#x17D2;&#x178F;&#x17B6;&#x179B;</subfield>
  </datafield>
  <datafield tag="260" ind1=" " ind2=" ">
    <subfield code="a">RUA</subfield>
    <subfield code="b">Phnom penh</subfield>
    <subfield code="c">2018</subfield>
  </datafield>
  <datafield tag="300" ind1=" " ind2=" ">
    <subfield code="a">xi;39p</subfield>
    <subfield code="b">ill;</subfield>
    <subfield code="c">29cm</subfield>
  </datafield>
  <datafield tag="856" ind1=" " ind2=" ">
    <subfield code="u"> CHHOEURN SOYTRY</subfield>
  </datafield>
  <datafield tag="942" ind1=" " ind2=" ">
    <subfield code="c">ANS</subfield>
  </datafield>
  <datafield tag="999" ind1=" " ind2=" ">
    <subfield code="c">18255</subfield>
    <subfield code="d">18255</subfield>
  </datafield>
  <datafield tag="952" ind1=" " ind2=" ">
    <subfield code="0">0</subfield>
    <subfield code="1">0</subfield>
    <subfield code="2">ddc</subfield>
    <subfield code="4">0</subfield>
    <subfield code="6">ANS_CHH_2018_000000000000000_B648_OR_1</subfield>
    <subfield code="7">0</subfield>
    <subfield code="9">81822</subfield>
    <subfield code="a">LBB</subfield>
    <subfield code="b">LBB</subfield>
    <subfield code="c">B648</subfield>
    <subfield code="d">2019-10-01</subfield>
    <subfield code="o">ANS CHH 2018 B648 Or.1</subfield>
    <subfield code="p">A43883</subfield>
    <subfield code="r">2019-10-01</subfield>
    <subfield code="w">2019-10-01</subfield>
    <subfield code="y">ANS</subfield>
  </datafield>
  <datafield tag="952" ind1=" " ind2=" ">
    <subfield code="0">0</subfield>
    <subfield code="1">0</subfield>
    <subfield code="2">ddc</subfield>
    <subfield code="4">0</subfield>
    <subfield code="6">ANS_CHH_2018_000000000000000_B648_OR_2</subfield>
    <subfield code="7">0</subfield>
    <subfield code="9">81823</subfield>
    <subfield code="a">LBB</subfield>
    <subfield code="b">LBB</subfield>
    <subfield code="c">B648</subfield>
    <subfield code="d">2019-10-01</subfield>
    <subfield code="o">ANS CHH 2018 B648 Or.2</subfield>
    <subfield code="p">A42321</subfield>
    <subfield code="r">2019-10-01</subfield>
    <subfield code="w">2019-10-01</subfield>
    <subfield code="y">ANS</subfield>
  </datafield>
  <datafield tag="952" ind1=" " ind2=" ">
    <subfield code="0">0</subfield>
    <subfield code="1">0</subfield>
    <subfield code="2">ddc</subfield>
    <subfield code="4">0</subfield>
    <subfield code="6">ANS_CHH_2018_000000000000000_B648_OR_3</subfield>
    <subfield code="7">0</subfield>
    <subfield code="9">81824</subfield>
    <subfield code="a">LBB</subfield>
    <subfield code="b">LBB</subfield>
    <subfield code="c">B648</subfield>
    <subfield code="d">2019-10-01</subfield>
    <subfield code="o">ANS CHH 2018 B648 Or.3</subfield>
    <subfield code="p">A42246</subfield>
    <subfield code="r">2019-10-01</subfield>
    <subfield code="w">2019-10-01</subfield>
    <subfield code="y">ANS</subfield>
  </datafield>
  <datafield tag="952" ind1=" " ind2=" ">
    <subfield code="0">0</subfield>
    <subfield code="1">0</subfield>
    <subfield code="2">ddc</subfield>
    <subfield code="4">0</subfield>
    <subfield code="6">ANS_CHH_2018_000000000000000_B648_OR_4</subfield>
    <subfield code="7">0</subfield>
    <subfield code="9">81825</subfield>
    <subfield code="a">LBB</subfield>
    <subfield code="b">LBB</subfield>
    <subfield code="c">B648</subfield>
    <subfield code="d">2019-10-01</subfield>
    <subfield code="o">ANS CHH 2018 B648 Or.4</subfield>
    <subfield code="p">A43334</subfield>
    <subfield code="r">2019-10-01</subfield>
    <subfield code="w">2019-10-01</subfield>
    <subfield code="y">ANS</subfield>
  </datafield>
  <datafield tag="952" ind1=" " ind2=" ">
    <subfield code="0">0</subfield>
    <subfield code="1">0</subfield>
    <subfield code="2">ddc</subfield>
    <subfield code="4">0</subfield>
    <subfield code="6">ANS_CHH_2018_000000000000000_B648_OR_5</subfield>
    <subfield code="7">0</subfield>
    <subfield code="9">81826</subfield>
    <subfield code="a">LBB</subfield>
    <subfield code="b">LBB</subfield>
    <subfield code="c">B648</subfield>
    <subfield code="d">2019-10-01</subfield>
    <subfield code="o">ANS CHH 2018 B648 Or.5</subfield>
    <subfield code="p">A43898</subfield>
    <subfield code="r">2019-10-01</subfield>
    <subfield code="w">2019-10-01</subfield>
    <subfield code="y">ANS</subfield>
  </datafield>
  <datafield tag="952" ind1=" " ind2=" ">
    <subfield code="0">0</subfield>
    <subfield code="1">0</subfield>
    <subfield code="2">ddc</subfield>
    <subfield code="4">0</subfield>
    <subfield code="6">ANS_CHH_2018_000000000000000_B648_OR_6</subfield>
    <subfield code="7">0</subfield>
    <subfield code="9">81827</subfield>
    <subfield code="a">LBB</subfield>
    <subfield code="b">LBB</subfield>
    <subfield code="c">B648</subfield>
    <subfield code="d">2019-10-01</subfield>
    <subfield code="l">1</subfield>
    <subfield code="o">ANS CHH 2018 B648 Or.6</subfield>
    <subfield code="p">A44053</subfield>
    <subfield code="r">2020-07-14</subfield>
    <subfield code="s">2020-07-06</subfield>
    <subfield code="w">2019-10-01</subfield>
    <subfield code="y">ANS</subfield>
  </datafield>
</record>
